Conquer Europe by Guessing Countries 🌎 - Statistics

General Stats
  • This quiz has been taken 9,743 times
  • The average score is 113 of 189
Answers on the Map
Answers color-coded by a green-red scale on the quiz's map according to % correct below.
 
Answer Stats
Rank Power Country % Correct
#3 +10 United Kingdom
95%
United Kingdom
95%
United Kingdom
95%
United Kingdom
95%
United Kingdom
95%
United Kingdom
95%
United Kingdom
95%
United Kingdom
95%
United Kingdom
95%
United Kingdom
95%
#2 +10 France
93%
France
93%
France
93%
France
93%
France
93%
France
93%
France
93%
France
93%
France
93%
France
93%
#5 +9 Germany
92%
Germany
92%
Germany
92%
Germany
92%
Germany
92%
Germany
92%
Germany
92%
Germany
92%
Germany
92%
#6 +9 Spain
89%
Spain
89%
Spain
89%
Spain
89%
Spain
89%
Spain
89%
Spain
89%
Spain
89%
Spain
89%
#1 +12 Russia
86%
Russia
86%
Russia
86%
Russia
86%
Russia
86%
Russia
86%
Russia
86%
Russia
86%
Russia
86%
Russia
86%
Russia
86%
Russia
86%
#4 +10 Italy
85%
Italy
85%
Italy
85%
Italy
85%
Italy
85%
Italy
85%
Italy
85%
Italy
85%
Italy
85%
Italy
85%
#11 +7 Sweden
82%
Sweden
82%
Sweden
82%
Sweden
82%
Sweden
82%
Sweden
82%
Sweden
82%
#7 +8 Poland
79%
Poland
79%
Poland
79%
Poland
79%
Poland
79%
Poland
79%
Poland
79%
Poland
79%
#12 +7 Norway
75%
Norway
75%
Norway
75%
Norway
75%
Norway
75%
Norway
75%
Norway
75%
#8 +8 Ukraine
71%
Ukraine
71%
Ukraine
71%
Ukraine
71%
Ukraine
71%
Ukraine
71%
Ukraine
71%
Ukraine
71%
#20 +5 Finland
65%
Finland
65%
Finland
65%
Finland
65%
Finland
65%
#30 +2 Ireland
58%
Ireland
58%
#17 +5 Portugal
56%
Portugal
56%
Portugal
56%
Portugal
56%
Portugal
56%
#9 +7 Greece
55%
Greece
55%
Greece
55%
Greece
55%
Greece
55%
Greece
55%
Greece
55%
#14 +6 Netherlands
52%
Netherlands
52%
Netherlands
52%
Netherlands
52%
Netherlands
52%
Netherlands
52%
#15 +6 Romania
50%
Romania
50%
Romania
50%
Romania
50%
Romania
50%
Romania
50%
#18 +5 Denmark
45%
Denmark
45%
Denmark
45%
Denmark
45%
Denmark
45%
#22 +4 Austria
43%
Austria
43%
Austria
43%
Austria
43%
#26 +4 Belgium
43%
Belgium
43%
Belgium
43%
Belgium
43%
#16 +5 Belarus
39%
Belarus
39%
Belarus
39%
Belarus
39%
Belarus
39%
#10 +7 Switzerland
35%
Switzerland
35%
Switzerland
35%
Switzerland
35%
Switzerland
35%
Switzerland
35%
Switzerland
35%
#13 +6 Czech Republic
32%
Czech Republic
32%
Czech Republic
32%
Czech Republic
32%
Czech Republic
32%
Czech Republic
32%
#19 +5 Hungary
26%
Hungary
26%
Hungary
26%
Hungary
26%
Hungary
26%
#25 +4 Bulgaria
25%
Bulgaria
25%
Bulgaria
25%
Bulgaria
25%
#23 +4 Serbia
25%
Serbia
25%
Serbia
25%
Serbia
25%
#32 +2 Estonia
21%
Estonia
21%
#29 +2 Latvia
19%
Latvia
19%
#24 +4 Croatia
18%
Croatia
18%
Croatia
18%
Croatia
18%
#27 +3 Lithuania
16%
Lithuania
16%
Lithuania
16%
#21 +4 Slovakia
14%
Slovakia
14%
Slovakia
14%
Slovakia
14%
#34 +1 Bosnia and Herzegovina
12%
#33 +2 Albania
9%
Albania
9%
#28 +2 Slovenia
8%
Slovenia
8%
#31 +2 Moldova
7%
Moldova
7%
#36 +1 North Macedonia
4%
#35 +1 Montenegro
2%
No matching quizzes found
Score Distribution
Percent of People with Each Score
Percentile by Number Answered
Your Score History
You have not taken this quiz